000 00861cam6a220020500 4500
001 tmp15751952
003 UPRA
005 20190816101058.0
008 951019s1896 po por u
035 _a(Sirsi) r39244
035 _a(UPRA)tmp15751952
040 _cUPRA
100 2 _aCampos Junior, Antonio de, 1850-1917.
_dCampos Junior, Antonio de, 1850-1917.
_6A92938.1
245 1 0 _aVictorias d'Africa :
_ba defeza de Lourenco Marques et as campanhas do valle do incomati e do paiz de Gaza, 1894-1895.
260 _aLisboa :
_bTyp.- Rua do Norte,
_c1896.
500 _aAt head of title: Antonio de Campos Junior.
651 0 _aMozambique -- Military history -- 19th century.
_xMozambique -- Military history -- 19th century.
_yMozambique -- Military history -- 19th century.
_6S66551.1
949 _aDT463
_wlcc
_i-47148
_mMAIN
_tBOOK
_lON-SHELF
004 39244
999 _c85922
_d85922